| 000 | 00477nam a22001817a 4500 | ||
|---|---|---|---|
| 999 |
_c9496 _d9496 |
||
| 003 | GBCCL | ||
| 005 | 20241126110713.0 | ||
| 008 | 230214b ||||| |||| 00| 0 eng d | ||
| 020 | _a9789391694623 | ||
| 040 | _cgbc | ||
| 082 |
_a253 _bCRO |
||
| 100 |
_aCrockett, Kent _916548 |
||
| 245 |
_aPastor abusers: _bwhen sheep attack their shepherd |
||
| 260 |
_aBangalore: _bOmega book house, _c2022 |
||
| 300 | _a189p. ; | ||
| 650 |
_aChurch controversies _9128 |
||
| 942 |
_2ddc _cBK |
||